Responses for Show #7246 - Monday, February 29, 2016

Contestants

[<< previous game]

Brigid Hannahoe, a pathologist from Buffalo, New York

Tyler Shattuck, a graduate student from Long Beach, California

David Bradley, an author from Atlanta, Georgia (whose 1-day cash winnings total $27,000)

[next game >>]

Jeopardy! Round responses

LEAP DAY
FURNITURE
ANIMATED TV
LANDMARKS
WHICH PLANET?
"RTH"
(Alex: Those three letters coming up at the end of each correct response.)
    $200 2
the Panama Canal

David
    $200 23
a screen

Tyler
    $200 7
Bob's Burgers

Brigid
    $200 8
the Sphinx

Brigid
    $200 13
Mars

Brigid
    $200 18
henceforth

David
    $400 4
Chicago

David
    $400 24
trundles

Brigid
    $400 1
Fairly OddParents

Tyler
    $400 9
the Hoover Dam

Brigid
    $400 14
Venus

Brigid
    $400 19
childbirth

David
    $600 28
Christopher Columbus

David
    $600 25
a mirror

David
    $600 3
Dora (the Explorer)

Brigid
    $600 10
Stonehenge

Brigid
    $600 15
Jupiter

Brigid
    $600 20
a firth

Brigid
    $800 29
Gone with the Wind

Brigid
    $800 26
Adirondack

Brigid
    $800 5
Apu

Brigid
    $800 11
(Brigid: What is Tenochtitlan?)

the Pyramid of the Moon

Brigid
Triple Stumper
    $800 16
Saturn

Tyler
    $800 21
Woolworth

Brigid
    $1000 30
spamming

David
    $1000 27
a hope chest

Triple Stumper
    $1000 6
(Sterling) Archer

Tyler
    $1,000 12
the Eiffel Tower

Brigid
    $1000 17
(Tyler: What is Neptune?)

Uranus

Tyler
Triple Stumper
    $1000 22
hearth

Brigid

Scores at the first commercial break (after clue 15):

David Tyler Brigid
$600 $1,400 $4,200

Scores at the end of the Jeopardy! Round:

David Tyler Brigid
$3,400 $1,400 $8,600

Double Jeopardy! Round responses

THE QUOTA SYSTEM
LONG 1-SYLLABLE WORDS
NEBRASKANS
OLD-TIME SCIENCE
URBAN LITERATURE
"BUTTER" ME UP
    $400 29
[End-of-round signal sounds]

whales

David
    $400 11
through

David
    $400 16
(Tyler: Who is Robert--oh, never mind.)

Chuck Hagel

Tyler
Triple Stumper
    $400 1
water

Brigid
    $400 6
Nathan Detroit

Triple Stumper
    $400 25
(Alex: With a minute to go, you're right.)

Butterfingers

Brigid
    $800 28
affirmative action

David
    $800 12
a straight

Tyler
    $800 17
JFK

David
    $800 2
the periodic table

David
    $800 7
Hunter S. Thompson

Tyler
    $800 21
Mrs. Butterworth

Brigid
    $1200 26
the Rotarians

David
    $1200 13
schnapps

David
    $1200 18
Dick Cavett

David
    $1200 3
a birthmark

David
    $1200 8
Hadleyburg

David
    $1200 22
Iron Butterfly

David
    $1600 27
one-child policy

Brigid
    $1600 14
schlepped

David
    $2,000 19
a person

David
    $1600 4
generation

Tyler
    $4,000 9
Jack London

David
    $1600 23
BUtterfield 8

David
    $2000 15
(Tyler: What is a screech?)

screeched

TylerBrigid
    $2000 20
Little

Triple Stumper
    $2000 5
transmutation

Tyler
    $2000 10
Death in Venice

Tyler
    $2000 24
"Build Me Up Buttercup"

David

Scores at the end of the Double Jeopardy! Round:

David Tyler Brigid
$25,000 $6,200 $13,800

[wagering suggestions for these scores]

Final Jeopardy! Round responses

WORLD LEADERS
(Alex: His name is Evo Morales.)
TylerWhat is Bolivia?
$6,157
BrigidWhat is Peru?
$11,201
DavidWhat is Bolivia?
$3,000
Bolivia

Final scores:

David Tyler Brigid
$28,000 $12,357 $2,599
2-day champion: $55,000 2nd place: $2,000 3rd place: $1,000

Game dynamics:

Coryat scores:

David Tyler Brigid
$22,200 $6,200 $13,800
23 R
(including 2 DDs),
0 W
9 R,
3 W
21 R
(including 1 DD),
1 W

Combined Coryat: $42,200

[game clues] [game scores] [suggest correction]

Game tape date: 2016-01-14
The J! Archive is created by fans, for fans. Scraping, republication, monetization, and malicious use prohibited; this site may use cookies and collect identifying information. See terms. The Jeopardy! game show and all elements thereof, including but not limited to copyright and trademark thereto, are the property of Jeopardy Productions, Inc. and are protected under law. This website is not affiliated with, sponsored by, or operated by Jeopardy Productions, Inc. Join the discussion at JBoard.tv.